Sports Quiz

Random Sports or MLB Quiz

Championship winners Quiz Stats

Quiz not verified by Sporcle

Challenge
Share
Tweet
Embed
Score 0/40 Timer 12:00
0 Plays Today
% Correct
New York Yankees
84.5%
New England Patriots
79.1%
New England Patriots
79.1%
New England Patriots
79.1%
Boston Red Sox
76.4%
Boston Red Sox
76.4%
Los Angeles Lakers
76.4%
Los Angeles Lakers
76.4%
Miami Heat
76.4%
Los Angeles Lakers
76.4%
Los Angeles Lakers
76.4%
San Antonio Spurs
74.5%
San Antonio Spurs
74.5%
San Antonio Spurs
74.5%
New York Giants
71.8%
Boston Celtics
71.8%
Pittsburgh Steelers
66.4%
Pittsburgh Steelers
66.4%
San Francisco Giants
61.8%
Indianapolis Colts
60.9%
% Correct
St. Louis Cardinals
60%
Pittsburgh Penguins
60%
Green Bay Packers
58.2%
Detroit Red Wings
58.2%
Detroit Red Wings
58.2%
Chicago White Sox
57.3%
Detroit Pistons
57.3%
Chicago BlackHawks
53.6%
New Orleans Saints
52.7%
Arizona Diamondbacks
44.5%
Florida Marlins
43.6%
Colorado Avalanche
40.9%
Tampa Bay Lightning
40%
Tampa Bay Buccaneers
38.2%
Carolina Hurricanes
38.2%
New Jersey Devils
38.2%
New Jersey Devils
38.2%
Anahiem Ducks
15.5%
Los Angeles Angels of Anahiem
10.9%
Philidelphia Phillies
2.7%

You're not logged in!

Compare scores with friends on all Sporcle quizzes.
Join for Free
OR
Log In

You Might Also Like...

Show Comments

Extras

Top Quizzes Today


Score Distribution

Your Account Isn't Verified!

In order to create a playlist on Sporcle, you need to verify the email address you used during registration. Go to your Sporcle Settings to finish the process.

Report this User

Report this user for behavior that violates our Community Guidelines.

Details: